[Event "GER-chT U20"]
[Site "Osnabrueck"]
[Date "2011.12.27"]
[Round "2.3"]
[White "Doberitz, Paul"]
[Black "Finke, Kai"]
[Result "1-0"]
[WhiteElo "2184"]
[BlackElo "1958"]
[PlyCount "101"]
[EventDate "2011.12.27"]
[EventType "team-swiss"]
[EventRounds "7"]
[EventCountry "GER"]
[SourceTitle "CBM 146 Extra"]
[Source "ChessBase"]
[SourceDate "2012.02.29"]
[SourceVersion "1"]
[SourceVersionDate "2012.02.29"]
[SourceQuality "1"]
[WhiteTeam "Hamburger SK"]
[BlackTeam "Koeln Porz"]
[WhiteTeamCountry "GER"]
[BlackTeamCountry "GER"]

1. e4 c5 2. Nf3 d6 3. d4 cxd4 4. Nxd4 Nf6 5. Nc3 g6 6. Be3 Bg7 7. f3 Nc6 8. Qd2 Bd7 9. 0-0-0 Rc8 10. g4 h5 11. g5 Nh7 12. f4 0-0 13. Kb1 Re8 14. Be2 Nf8 15. Rhf1 a6 16. Nxc6 Bxc6 17. Nd5 Nd7 18. Bd4 e6 19. Bxg7 Kxg7 20. Ne3 d5 21. exd5 exd5 22. Bf3 Nb6 23. Qd4+ Kg8 24. h4 Qe7 25. Rfe1 Nc4 26. Nf5 Qf8 27. Nh6+ Kh7 28. f5 Qg7 29. f6 Qf8 30. b3 Na3+ 31. Kb2 Bd7 32. c4 Nxc4+ 33. Ka1 Na3 34. Rxe8 Bxe8 35. Qxd5 Nc2+ 36. Kb1 Ne3 37. Qd6 Qxd6 38. Rxd6 Rc7 39. Rd3 Nc2 40. Rd8 Bb5 41. Rg8 Bd3 42. Kb2 Nd4 43. Rg7+ Kh8 44. Bd5 Rc2+ 45. Ka3 Nb5+ 46. Kb4 Nd6 47. Nxf7+ Nxf7 48. Rxf7 b6 49. Rf8+ Kh7 50. Bg8+ Kh8 51. Bc4+ 1-0